Ricostruisci la Carriera del Calciatore - Aleksandar Mitrović - Statistics

Statistiche generali
  • Questo quiz è stato fatto 15 volte
  • Il punteggio medio è 5 su 6
Statistiche sulle risposte
Hint Risposta % Corretto
2023- Al-Hilal
86%
2011-2012 Teleoptik
86%
2018-2023 Fulham
79%
2012-2013 Partizan
79%
2013-2015 Anderlecht
71%
2015-2018 Newcastle Utd
71%
Nessun quiz corrispondente trovato
Distribuzione punteggi
Percentuale di utenti per punteggio
Percentile per numero di risposta
I tuoi punteggi nel tempo
Non hai fatto questo quiz